History of Indian literature 500-1399: from courtly to the popular (Record no. 168905)
[ view plain ]
| 000 -LEADER | |
|---|---|
| fixed length control field | 00628nam a2200217Ia 4500 |
| 003 - CONTROL NUMBER IDENTIFIER | |
| control field | OSt |
| 005 - DATE AND TIME OF LATEST TRANSACTION | |
| control field | 20230331115946.0 |
| 008 - FIXED-LENGTH DATA ELEMENTS--GENERAL INFORMATION | |
| fixed length control field | 210423s2005 xx 000 0 und d |
| 020 ## - INTERNATIONAL STANDARD BOOK NUMBER | |
| International Standard Book Number | 81-260-2171-3 |
| 040 ## - CATALOGING SOURCE | |
| Transcribing agency | AL |
| 041 ## - LANGUAGE CODE | |
| Language code of text/sound track or separate title | eng |
| 082 ## - DEWEY DECIMAL CLASSIFICATION NUMBER | |
| Classification number | 891.409 |
| Edition number | 23 |
| Item number | DASH |
| 100 ## - MAIN ENTRY--PERSONAL NAME | |
| Personal name | DAS (Sisir Kumar) |
| 9 (RLIN) | 80839 |
| 245 ## - TITLE STATEMENT | |
| Title | History of Indian literature 500-1399: from courtly to the popular |
| 260 ## - PUBLICATION, DISTRIBUTION, ETC. | |
| Place of publication, distribution, etc. | New Delhi |
| Name of publisher, distributor, etc. | Sahitya Akademi |
| Date of publication, distribution, etc. | 2005 |
| 300 ## - PHYSICAL DESCRIPTION | |
| Extent | xiii,302 |
| Other physical details | HB |
| 365 ## - TRADE PRICE | |
| Price amount | 200 |
| Currency code | INR |
| 650 ## - SUBJECT ADDED ENTRY--TOPICAL TERM | |
| Topical term or geographic name entry element | Indic Literature |
| 9 (RLIN) | 80840 |
| 906 ## - LOCAL DATA ELEMENT F, LDF (RLIN) | |
| a | 500-1399: ; courtly ; History ; Indian ; literature ; popular |
| 942 ## - ADDED ENTRY ELEMENTS (KOHA) | |
| Source of classification or shelving scheme | Dewey Decimal Classification |
| Koha item type | Book |
| Withdrawn status | Lost status | Damaged status | Not for loan | Collection code | Home library | Current library | Date acquired | Source of acquisition | Cost, normal purchase price | Total Checkouts | Full call number | Barcode | Date last seen | Price effective from | Koha item type |
|---|---|---|---|---|---|---|---|---|---|---|---|---|---|---|---|
| MA English | St Aloysius PG Library | St Aloysius PG Library | 12/06/2017 | Sahitya Akademi | 200.00 | 891.409 DASH | PG015407 | 08/24/2022 | 04/26/2021 | Reference |